000 00593nam a2200181Ia 4500
008 090124s9999 xx 000 0 und d
082 _b31481
100 _aभावे दि. अ.
245 _a डॉ. मारिया मान्टेसरी
250 _a1
260 _bउदयदीप प्रकाशन
_c1993
300 _a78
600 _aभावे दि. अ.
630 _a डॉ. मारिया मान्टेसरी
700 _aभावे दि. अ.
730 _a डॉ. मारिया मान्टेसरी
942 _cBOOK
999 _c97487
_d97487